Surviving your dissertation : (Record no. 11687)

000 -LEADER
fixed length control field 00824cam a2200241 a 4500
020 ## - INTERNATIONAL STANDARD BOOK NUMBER
ISBN 0761919619 (hard)
020 ## - INTERNATIONAL STANDARD BOOK NUMBER
ISBN 0761919627 (pbk.)
040 ## - CATALOGING SOURCE
Transcribing agency DLC
082 00 - DEWEY DECIMAL CLASSIFICATION NUMBER
Classification number 808 SAG 2001 A092 Or.
100 1# - MAIN ENTRY--AUTHOR NAME
Personal name Rudestam, Kjell Erik.
245 10 - TITLE STATEMENT
Title Surviving your dissertation :
Remainder of title a comprehensive guide to content and process /
250 ## - EDITION STATEMENT
Edition statement 2nd ed.
260 ## - PUBLICATION, DISTRIBUTION, ETC. (IMPRINT)
Place of publication Thousand Oaks, Calif. :
Name of publisher Sage Publications,
Year of publication c2001.
300 ## - PHYSICAL DESCRIPTION
Number of Pages xiv, 298 p. ;
Dimensions 24 cm.
650 #0 - SUBJECT ADDED ENTRY--TOPICAL TERM
Topical Term Dissertations, Academic
650 #0 - SUBJECT ADDED ENTRY--TOPICAL TERM
Topical Term Report writing.
650 #0 - SUBJECT ADDED ENTRY--TOPICAL TERM
Topical Term Research
700 1# - ADDED ENTRY--PERSONAL NAME
Personal name Newton, Rae R.
856 42 - ELECTRONIC LOCATION AND ACCESS
Uniform Resource Identifier http://www.loc.gov/catdir/enhancements/fy0658/00009854-d.html
856 41 - ELECTRONIC LOCATION AND ACCESS
Uniform Resource Identifier http://www.loc.gov/catdir/enhancements/fy0658/00009854-t.html
856 42 - ELECTRONIC LOCATION AND ACCESS
Uniform Resource Identifier http://www.loc.gov/catdir/enhancements/fy0734/00009854-b.html
942 ## - ADDED ENTRY ELEMENTS (KOHA)
Koha item type សៀវភៅភាសាអង់គ្លេស
952 ## - LOCATION AND ITEM INFORMATION (KOHA)
Withdrawn status [LOCAL, KOHA] 0
Holdings
Permanent Location Date acquired Koha item type Lost status Shelving location Barcode Current Location Full call number
Library Block A2017-08-04សៀវភៅភាសាអង់គ្លេស A092A14425Library Block A808 SAG 2001 A092 Or.
មជ្ឈមណ្ឌលឯការនៃសាកលវិទ្យាល័យភូមិន្ទកសិកម្មចំការដូង

Powered by Koha